000 00927nam a2200241Ii 4500
008 221202s xx 000 0 und d
245 0 _aRewilding European Landscapes
264 1 _aCham
_bSpringer Nature
_c2015
300 _a1 online resource (227 pages)
336 _atext
_btxt
_2rdacontent
337 _acomputer
_bc
_2rdamedia
338 _aonline resource
_bcr
_2rdacarrier
520 _aNature Conservation; Environmental Management; Biodiversity; Landscape Ecology; Applied Ecology
653 _aApplied Ecology
653 _aBiodiversity
653 _aEnvironmental Management
653 _aLandscape Ecology
653 _aNature Conservation
700 1 _aNavarro, Laetitia M.
700 1 _aPereira, Henrique M.
856 _uhttps://docs.google.com/spreadsheets/d/1yKIrdCPDAG_9c22mwoOIO2DOhtj65Wqa/edit?usp=sharing&ouid=106555315294820607512&rtpof=true&sd=true
_yList of Curated E-Books
942 _cE-BOOK
999 _c96278
_d96275